000 01103nam0a22002651 4500
001 rc\336089
005 20030307122724.1
035 _a(NLR Aleph) 005571036
090 _a6012106
_c6012106
100 _a20030307d1989 u |0rusy50 ca
101 0 _arus
102 _aRU
105 _ay |||||||||
200 1 _aИталия в трудах советских историков
_e[Сб. ст.]
_fАН СССР. Ин-т всеобщ. истории
_g[Редкол.: Л.С. Чиколини (отв. ред.) и др.]
210 _aМ.
_cИВИ
_d1989
215 _a224, [1] с.
_d21
320 _aБиблиогр. работ сов. авт. по истории Италии, опубл. в 1986-1988 гг.: с. 197-224 (305 назв.)
320 _aБиблиогр. в примеч. в конце ст.
702 1 _aЧиколини
_bЛ. С.
_gЛюдмила Сергеевна
_4340
712 0 2 _aИнститут всеобщей истории
_cМосква
_3RU\NLR\AUTH\883374
801 0 _aRU
_bNLR
_gpsbo
801 1 _aRU
_bELAR
_2rusmarc
852 _aNLR
_j89-3/15276
942 _cBOOK
980 _aNB